000 01329nam2a22002531 4500
001 RU\NLR\INFOCOMM15\1000075724
005 20250617161209.0
035 _a(NLR Aleph) 002766629
090 _a2280653
_c2280653
100 _a20040219d1973 |||y0rusy50 ca
101 0 _arus
102 _aRU
105 _ay |||||||||
200 1 _a(Общая, педагогическая и специальная педагогика)
210 _d1973
_aБ. м.
300 _aНа обл.: Общая, педагогическая и специальная психология
461 0 _1001RU\NLR\INFOCOMM15\1000075722
_12001#$aДиссертационные работы по психологии$eРеф. информация$fНауч.-исслед. ин-т общей педагогики АПН СССР. Отд. науч.-пед. информации и пропаганды$v1970
_92280634
_cМ.
_d1972-
_fНауч.-исслед. ин-т общей педагогики АПН СССР. Отд. науч.-пед. информации и пропаганды
_oРеф. информация
_tДиссертационные работы по психологии
_v1970
801 1 _aRU
_bInfoComm
_c20040219
801 0 _aRU
_bNLR
_gPSBO
852 _aNLR
_jП22/3096
942 _cISSUE
980 _aNB
980 _aRUSPER